Statistics for Lord of The Rings - Companions

Click here to take the quiz!

General Stats

  • This quiz has been taken 843 times
  • The average score is 7 of 11

Answer Stats

HintAnswer% Correct
WizardGandalf
99%
ElfLegolas
91%
HumanBoromir
87%
DwarfGimli
87%
HobbitSam
86%
HobbitPippin
84%
CreatureGollum
74%
HumanFaramir
59%
HobbitMary
13%
Ranger/HumanAragron
7%
ElfGaladrial
4%

Score Distribution

Percentile by Number Answered

Percent of People with Each Score

Your Score History

You have not taken this quiz